| 000 | 01765nam a22001937a 4500 | ||
|---|---|---|---|
| 008 | 230626e20230615xxk|||||o||||o00| 0 eng d | ||
| 041 | _aeng | ||
| 245 |
_aUK Geospatial Strategy 2030 _bunlocking the power of location _h[Electronic resource] |
||
| 260 |
_bDepartment for Science, Innovation and Technology, Geospatial Commission, _c15 June 2023 |
||
| 300 | _a52p. | ||
| 520 | _aThe strategy sets a vision to unlock the power of location data and technologies across the UK economy. It will unlock billions of pounds of economic benefits through harnessing technologies such as AI, satellite imaging and real-time data to boost location-powered innovation. The strategy sets out an ambitious programme of activity, across three key missions: Mission 1: Embrace enabling technologies to accelerate geospatial innovation. Mission 2: Drive greater use of geospatial applications and insights across the economy. Mission 3: Build confidence in the future geospatial ecosystem. The UK Geospatial Strategy 2030 is government’s plan to unlock the power of location data and technologies across the UK economy. The UK Geospatial Strategy 2030 will unlock billions of pounds in economic benefits through harnessing technologies such as AI, satellite imaging and real-time data to boost location-powered innovation and driving the use of location data in key markets, such as property, transport and utilities. | ||
| 650 | _aGEOSPATIAL | ||
| 650 | _aLAND ECONOMY | ||
| 650 | _aSATELLITE IMAGING | ||
| 651 | _aUnited Kingdom | ||
| 690 |
_96251 _aLand use |
||
| 856 |
_uhttps://assets.publishing.service.gov.uk/government/uploads/system/uploads/attachment_data/file/1162795/2023-06-15_UK_Geospatial_Strategy_2023_.pdf _zAvailable on GOV.uk |
||
| 942 | _n0 | ||
| 999 |
_c121559 _d121559 |
||